MARC

LEADER 00000nam0a2200000 4500
001 355009
005 20231102010741.0
035 |a (RuTPU)RU\TPU\retro\12268 
090 |a 355009 
100 |a 20200630d1973 km y0rusy50 ca 
101 0 |a rus 
102 |a RU 
105 |a y z 001zb 
200 1 |a Страницы политической биографии Мао Цзэ-дуна  |f О. Е. Владимиров, В. И. Рязанцев 
205 |a 2-е изд., доп. 
210 |a Москва  |c Политиздат  |d 1973 
215 |a 112 с.  |c ил. 
320 |a Библиография в ссылках 
600 0 |a Мао Цзедун (Цзэдун)  |c руководитель КНР  |f 1893-1976  |2 stltpush  |3 (RuTPU)RU\TPU\pers\7186  |9 1337 
606 1 |a Коммунистические партии отдельных зарубежных стран  |x Азии  |2 stltpush  |3 (RuTPU)RU\TPU\subj\14924  |9 41244 
610 1 |a Китай 
610 1 |a КНР 
610 1 |a Китайская Народная Республика 
610 1 |a политические деятели 
610 1 |a государственные деятели 
610 1 |a персоналии 
686 |a Ф61(5)  |v LBC/SL-A  |2 rubbk 
700 1 |a Владимиров  |b О. Е.  |g Олег Евгеньевич 
701 1 |a Рязанцев  |b В. И.  |g Владимир Иванович 
801 1 |a RU  |b 63413507  |c 20200630 
801 2 |a RU  |b 63413507  |c 20210203  |g RCR 
942 |c BK